000 01540cam a22003977a 4500
003 CHAP
005 20220329142725.0
008 010920d2001 mx r 00110 spa d
010 _a86888
011 _a87860
035 _a98404
040 _cCHAP
090 _aTesis
100 0 0 _aHernández Luna, Maria Elena.
_954262
245 1 0 _aEfecto de la condición corporal y la suplementación energética en cabras sobre la función endocrina y ovárica bajo fotoperíodos crecientes
_c/por María Elena Hernández Luna
260 _aChapingo, Méx. :
_bEl autor,
_c2002.
300 _a83 h.
502 _aTesis (Ing. Agr. en Sistemas Pecuarios de Zonas Aridas) -- UACH. Unidad Regional Universitaria de Zonas Aridas
590 _aALEPH
_b10
_c20130110
_lUCH01
_h1451
590 _aBATCH-UPD
_b10
_c20130109
_lUCH01
_h2357
590 _aBATCH-UPD
_b10
_c20130110
_lUCH01
_h0306
590 _aBATCH-UPD
_b10
_c20130110
_lUCH01
_h2055
590 _aBATCH-UPD
_b10
_c20130409
_lUCH01
_h1930
590 _aBATCH-UPD
_b10
_c20130410
_lUCH01
_h0428
590 _aBATCH-UPD
_b10
_c20130914
_lUCH01
_h1305
590 _aCONVERSION
_b10
_c20130109
_lUCH01
_h1348
650 1 4 _aEndocrinología.
_936871
650 1 4 _aEnergía metabólica.
_936906
650 1 4 _aGanado cabrío
_xAlimentación.
_944990
650 1 4 _aGanado cabrío
_xReproducción.
_945043
901 _aBK
905 _aAlejandra Carrasco M.
942 _cFOLL
949 _aTesis
_bBC
_cTES
_d33724000883591
_eTS2
_fc.2
_h40469
_i98404
_sb
949 _aTesis
_bBC
_cTES
_d984041
_eTS1
_h40468
_i98404
_sb
999 _c86888
_d86888